[Event "VIE-ch U20"]
[Site "Ho Chi Minh City"]
[Date "2022.07.15"]
[Round "7"]
[White "Nguyen, Minh Dat"]
[Black "Le, Huy Hai"]
[Result "0-1"]
[WhiteElo "2250"]
[BlackElo "2253"]
[PlyCount "78"]
[EventDate "2022.07.11"]
[EventType "swiss"]
[EventRounds "9"]
[EventCountry "VIE"]
[SourceTitle "EXT 2023"]
[Source "ChessBase"]
[SourceDate "2022.10.05"]
[SourceVersion "1"]
[SourceVersionDate "2022.10.05"]
[SourceQuality "1"]

1. e4 d6 2. d4 Nf6 3. Nc3 g6 4. f4 Bg7 5. Nf3 c6 6. Bd3 0-0 7. 0-0 Nbd7 8. h3 e5 9. dxe5 dxe5 10. fxe5 Nxe5 11. Nxe5 Qd4+ 12. Kh1 Qxe5 13. Bf4 Qa5 14. Qf3 Be6 15. Bd6 Rfe8 16. Qg3 Nd7 17. Rad1 Be5 18. Bxe5 Qxe5 19. Qf2 Nb6 20. Qe1 Rad8 21. b3 Nd7 22. Ne2 Nc5 23. Ng1 Qh5 24. Qg3 Nxe4 25. Bxe4 Rxd1 26. Bf3 Rxf1 27. Bxh5 Bd5 28. Qd3 Ree1 29. Kh2 Rxg1 30. Bf3 Rh1+ 31. Kg3 Bxf3 32. Qd8+ Kg7 33. Kxf3 h5 34. Qd4+ Kh7 35. Kg3 Rhf1 36. Qxa7 Re2 37. Qxb7 Rxc2 38. a4 h4+ 39. Kh2 Rcc1 0-1